| 000 | 00402nam a22001457a 4500 | ||
|---|---|---|---|
| 003 | Macl | ||
| 005 | 20170419124723.0 | ||
| 008 | 170419b xxu||||| |||| 00| 0 eng d | ||
| 040 | _cMacl | ||
| 082 | _a080 | ||
| 245 |
_a365Way to Motivate and Reward your Employees Every day _bwith Little or no money |
||
| 260 |
_aBhopal _bIndra Publishing House _c2010 |
||
| 650 |
_aGeneratitg _967066 |
||
| 942 |
_2ddc _cBK |
||
| 999 |
_c56274 _d56274 |
||